000 00603nam a2200169 i 4500
001 150210
003 ES-MaACL
005 20230906203424.0
007 t|
008 071029s1943 sp ||||1| spa d
100 1 _aVaca González, Diodoro.
_9112361
245 1 0 _aHistoria de la cerámica de Talavera de la Reina y algunos datos sobre la de Puente del Arzobispo /
_cpor Diodoro Vaca González y Juan Ruiz de Luna Rojas.
260 _aMadrid :
_bEditora Nacional,
_c1943.
300 _a328 p. :
_bil. ;
_c25 cm.
700 1 _aRuiz de Luna Rojas, Juan.
_9100761
852 _aES-MaACL
_jE-2056
_bR.23209
999 _c150210
_d150210